| 000 | 00755 a2200181 4500 | ||
|---|---|---|---|
| 003 | Nust | ||
| 005 | 20221228172341.0 | ||
| 010 | _a 83131823 | ||
| 020 | _a0852744137 : | ||
| 040 | _cNust | ||
| 082 | _a621.38804,SPR | ||
| 100 | 1 |
_aSproson, W. N. _9106269 |
|
| 245 | 1 | 0 |
_aColour science in television and display systems / _bW. N. Spronson |
| 260 |
_aBristol : _bHilger, _c1983. |
||
| 300 | _a[214] p. | ||
| 505 | _aIntroduction To Basic Colorimetry (Page-1), Colour Analysis For Cameras And Telecine Machines (Page-27), The TV Transmission System And The Concept Of Transmission Primaries (Page-60), Optical Components (Page-80), Colour Display Tubes (Page-100), Colour In Fine Detail (Page-119), Overall Assessment (Page-145). | ||
| 942 |
_2ddc _cBK |
||
| 999 |
_c183415 _d183415 |
||